Industrialisation structural change and policy : the case of Greece 1958-1977

Αποθηκεύτηκε σε:
Λεπτομέρειες βιβλιογραφικής εγγραφής
Κύριος συγγραφέας: Πάκος, Θεοφάνης Β.
Συγγραφή απο Οργανισμό/Αρχή: University of Manchester Institute of Science and Technology
Άλλοι συγγραφείς: Cockerill, T. A. J. (Εισηγητής διατριβής)
Μορφή: Thesis Βιβλίο
Γλώσσα:English
Δημοσίευση: Manchester : University of Manchester, Institute of Science and Technology, Department of Management Sciences, 1982.
Θέματα:
Ετικέτες: Προσθήκη ετικέτας
Δεν υπάρχουν, Καταχωρήστε ετικέτα πρώτοι!

MARC

LEADER 00000cam a2200000 i 4500
001 1/11073
008 000908s1982 eng d
035 |l 10063693 
040 |a GR-MY-UA  |b gre  |e aacr 
041 0 |a eng 
082 0 |a 338.9  |2 (22) 
100 1 |a Πάκος, Θεοφάνης Β. 
245 1 0 |a Industrialisation structural change and policy :  |b the case of Greece 1958-1977 /   |c T. Pakos ; supervisor T. A. J. Cockerill.  
260 |a Manchester :   |b University of Manchester, Institute of Science and Technology, Department of Management Sciences,   |c 1982.  
300 |a 515 σ.   |e 30 εκ. 
500 |a A thesis submitted to the Victoria University of Manchester for the degree of Doctor of Philosophy. 
502 |a Διατριβή (διδακτορική) - University of Manchester, Institute of Science and Technology, Manchester, 1990.  
504 |a Includes bibliographical references.  
650 0 0 |a Dissertations, Academic. 
650 0 0 |a Industrialization  |z Greece. 
650 0 0 |a Economic development  |z Greece  |x History. 
651 0 |a Greece  |x Economic policy  |y 1918-1974. 
700 1 |a Cockerill, T. A. J.  |4 ths 
710 0 |a University of Manchester  |b Institute of Science and Technology. 
852 |a INST  |b LESVOS  |c DIATROTHER  |e 20000908  |h 43  |p 005100027473  |q 005100027473  |t PHD  |y 23 
901 |a BIBL1-2000-3 
909 |a Λ  |b 080940 
970 |a ΚΑΜΑΤΣΟΥ  |b ΔΕΣΠΟΙΝΑ  |z 2000/09/08